Cinéma : Delon ou Belmondo ? - Clic Quiz - Statistiques

Statistiques générales
  • Ce quiz a été pris 421 fois
  • Le résultat moyen est 14 sur 20
Statistiques - réponses
Hint Réponse % Correct
La piscine Delon
92%
Le professionnel Belmondo
91%
L'as des as Belmondo
91%
Astérix aux jeux olympique Delon
90%
Le guignolo Belmondo
89%
Pierrot le fou Belmondo
88%
L'homme de Rio Belmondo
88%
Le samouraï Delon
87%
Plein soleil Delon
84%
Peur sur la ville Belmondo
83%
Le clan des Siciliens Delon
80%
Un singe en hiver Belmondo
75%
Mélodie en sous-sol Delon
74%
Borsalino Les deux
70%
1 chance sur 2 Les deux
55%
Les aventuriers Delon
49%
Deux hommes dans la ville Delon
47%
Paris brûle-t-il ? Les deux
41%
Borsalino and co Delon
40%
Sois belle et tais-toi Les deux
25%
Aucun quiz correspondant
Distribution des résultats
% des personnes avec chaque résultat
Percentile par nombre de réponses
Votre historique - résultats
Vous n’avez pas pris ce quiz